000 00404nam a2200157Ia 4500
003 Ost
005 20260225132550.0
008 260225s9999||||xx |||||||||||||| ||und||
040 _cfsic
041 _afre
082 _a440
100 _aC.Bachmann /J.Luidenfeld/J.Simonin
_eAuteur
245 0 _aLangages et communications soçiales /
245 0 _cC.Bachmann /J.Luidenfeld/J.Simonin
942 _cكتاب
999 _c34082
_d34082